| 000 | 01712cam a2200433 i 4500 | ||
|---|---|---|---|
| 001 | 41551 | ||
| 003 | Mx-PuUPA | ||
| 005 | 20250611093952.0 | ||
| 008 | 140415s2014 sp gr 001 0 spa d | ||
| 017 | _aS. 350-2014 | ||
| 020 | _a9788430118786 | ||
| 040 |
_aMx-PuUPA _bspa _cMx-PuUPA _dMx-PuUPA _erda |
||
| 041 | 1 |
_aspa _hfre |
|
| 100 | 1 |
_aMaine de Biran, Pierre, _d1766-1824 _eautor _917156 |
|
| 245 | 1 | 0 |
_aNuevos ensayos de antropología : _bseguidos de nota sobre la idea de existencias y últimos fragmentos / _cMaine de Biran ; traducción, notas y estudio de Juan Padilla |
| 264 | 1 |
_aSalamanca, España : _bEdiciones Sígueme, _c2014 |
|
| 300 |
_a302 páginas ; _c21 cm |
||
| 336 |
_2rdacontent _atexto _btxt |
||
| 337 |
_2rdamedia _asin medio _bn |
||
| 338 |
_2rdacarrier _avolumen _bnc |
||
| 490 | 0 |
_aHermeneia ; _v105 |
|
| 505 | 0 | _tNuevos ensayos de Antropología | |
| 505 | 0 | _tNota sobre la idea de la existencia | |
| 505 | 0 | _tÚltimos fragmentos | |
| 650 | 7 |
_2armarc _aAntropología filosófica |
|
| 650 | 7 |
_2armarc _aExistencia |
|
| 650 | 7 |
_2armarc _aFilosofía francesa _ySiglos XVIII - XIX |
|
| 650 | 7 |
_2armarc _aOntología |
|
| 700 | 1 |
_aPadilla, Juan, _etraductor _eautor de notas _eautor de estudio |
|
| 700 | 1 | 2 |
_aBiran, Maine de, _tNouveaux essais d'anthropologie _lEspañol |
| 700 | 1 | 2 |
_aBiran, Maine de, _tNote sur l'idée d'existence _dEspañol |
| 700 | 1 | 2 |
_aBiran, Maine de, _tDerniers fragments _lEspañol |
| 740 | 0 | 2 | _aNota sobre la idea de existencia |
| 740 | 0 | 2 | _aÚltimos fragmentos |
| 942 |
_2ddc _cLI _h128 _iB6718 |
||
| 999 |
_c41551 _d41551 |
||